<?xml version="1.0" encoding="UTF-8"?>
<record
    xmlns:xsi="http://www.w3.org/2001/XMLSchema-instance"
    xsi:schemaLocation="http://www.loc.gov/MARC21/slim http://www.loc.gov/standards/marcxml/schema/MARC21slim.xsd"
    xmlns="http://www.loc.gov/MARC21/slim">

  <leader>03261nam a2200301 i 4500</leader>
  <controlfield tag="001">77194</controlfield>
  <controlfield tag="003">ES-MaACL</controlfield>
  <controlfield tag="005">20250825002645.0</controlfield>
  <controlfield tag="007">t|</controlfield>
  <controlfield tag="008">041007m18981920sp           ||||1| spa d</controlfield>
  <datafield tag="080" ind1=" " ind2=" ">
    <subfield code="a">002(04)</subfield>
  </datafield>
  <datafield tag="080" ind1=" " ind2=" ">
    <subfield code="a">655.5(04)</subfield>
  </datafield>
  <datafield tag="100" ind1="1" ind2=" ">
    <subfield code="a">Guti&#xE9;rrez Jim&#xE9;nez, Rafael.</subfield>
    <subfield code="9">127658</subfield>
  </datafield>
  <datafield tag="245" ind1="1" ind2="0">
    <subfield code="a">Colecci&#xF3;n de documentos referentes &#xE1; la Asociaci&#xF3;n para propagar y fomentar grandes bibliotecas populares en Espa&#xF1;a y Am&#xE9;rica  ...que han servido de base para la fundaci&#xF3;n de Ambos Mundos </subfield>
    <subfield code="b">: sociedad an&#xF3;nima de exportaci&#xF3;n e importaci&#xF3;n de librer&#xED;a e industria editorial, fundada sobre la base de una confederaci&#xF3;n cient&#xED;fico-literaria de todos los pa&#xED;ses de habla castellana / </subfield>
    <subfield code="c">proyectos originales de Rafael Guti&#xE9;rrez Jim&#xE9;nez.</subfield>
  </datafield>
  <datafield tag="246" ind1="3" ind2="0">
    <subfield code="a">Liga Hispano-Americana de Instrucci&#xF3;n Popular y Propaganda Comercial</subfield>
  </datafield>
  <datafield tag="246" ind1="3" ind2="0">
    <subfield code="a">Instituto Hispano-Americano de Artes Gr&#xE1;ficas</subfield>
  </datafield>
  <datafield tag="260" ind1=" " ind2=" ">
    <subfield code="a">Bilbao : </subfield>
    <subfield code="b">Imp. de  Ambos Mundos, </subfield>
    <subfield code="c">1898-1920.</subfield>
  </datafield>
  <datafield tag="300" ind1=" " ind2=" ">
    <subfield code="a">1 v. (pag. var.) ; </subfield>
    <subfield code="c">21 cm.</subfield>
  </datafield>
  <datafield tag="505" ind1="8" ind2=" ">
    <subfield code="a">Contiene: ; </subfield>
    <subfield code="t">Asociaci&#xF3;n para propagar y fomentar las bibliotecas populares en Espa&#xF1;a y en las naciones donde se habla ...castellano : estatutos, 1899 (16 p.) ; </subfield>
    <subfield code="t">Programa y estatutos de la Asociaci&#xF3;n para propagar y fomentar grandes bibliotecas populares en Espa&#xF1;a y las rep&#xFA;blicas ... / </subfield>
    <subfield code="r">por Rafael Guti&#xE9;rrez Jim&#xE9;nez ; Programa y estatutos de la Compa&#xF1;ia Editorial de Bibliotecas, 1901(64 p.). -- </subfield>
    <subfield code="t">Liga Hispano-Americana de Instrucci&#xF3;n Popular : asociaci&#xF3;n para fundar centros de cultura intelectual dotados de grandes bibliotecas populares en Espa&#xF1;a y las naciones de Am&#xE9;rica que hablan ...castellano : programa y estatutos, 1902 (54 p.) ; </subfield>
    <subfield code="t">Liga Hispano-Americana de Instrucci&#xF3;n Popular : asociaci&#xF3;n ...cultura intelectual &#xF3; de segunda ense&#xF1;anza popular ... : estatutos y programa, [1902?] . - (Cuaderno ; 1) (52 p.) ; </subfield>
    <subfield code="t">Programa de la C&#xE1;mara de Castilla : &#xF3;rgano central directivo de la Liga Hispano-Americana de Instrucci&#xF3;n Popular, [1902?] .- (Cuaderno ; 2) (48 p.) ; </subfield>
    <subfield code="t">Bibliotecas populares de la Liga Hispano-Americana de Instrucci&#xF3;n Popular : programa / </subfield>
    <subfield code="r">Instituto Hispano-Americano de Artes Gr&#xE1;ficas, [s.a.] (64 p.). -- </subfield>
    <subfield code="t">Estatutos de la Liga Hispano-Americana de Instrucci&#xF3;n Popular, 1902 (8 p.) ; </subfield>
    <subfield code="t">Estatutos del Instituto Hispano-Americano de Artes Gr&#xE1;ficas : ...editorial an&#xF3;nima : fundada ...para abastecer de libros las bibliotecas populares de la Liga de Instrucci&#xF3;n Popular, [s.a.] (8 p.) ; </subfield>
    <subfield code="t">Ambos Mundos : sociedad an&#xF3;nima ...editorial, fundada sobre la base de una confederaci&#xF3;n cient&#xED;fico-literaria de ...pa&#xED;ses de habla castellana, 1919 (16, 4 p.) ;</subfield>
    <subfield code="t">Ambos Mundos : bibliotecas mercantiles, 1920 (24 p.) ; </subfield>
    <subfield code="t">Ambos Mundos : bibliotecas cat&#xF3;licas, 1920 (23 p.) ; </subfield>
    <subfield code="t">Estatutos de la Compa&#xF1;&#xED;a An&#xF3;nima Mercantil e Industrial Ambos Mundos, 1920 (14 p.)</subfield>
  </datafield>
  <datafield tag="610" ind1="2" ind2="4">
    <subfield code="a">Liga Hispano-Americana de Instrucci&#xF3;n Popular.</subfield>
    <subfield code="9">146041</subfield>
  </datafield>
  <datafield tag="610" ind1="2" ind2="4">
    <subfield code="a">Instituto Hispano-Americano de Artes Gr&#xE1;ficas.</subfield>
    <subfield code="9">146042</subfield>
  </datafield>
  <datafield tag="610" ind1="2" ind2="4">
    <subfield code="a">Ambos Mundos.</subfield>
    <subfield code="9">146043</subfield>
  </datafield>
  <datafield tag="650" ind1=" " ind2="4">
    <subfield code="a">Bibliotecas-</subfield>
    <subfield code="x">Administraci&#xF3;n.</subfield>
    <subfield code="9">10530</subfield>
  </datafield>
  <datafield tag="650" ind1="0" ind2="4">
    <subfield code="a">Bibliotecas p&#xFA;blicas-</subfield>
    <subfield code="z">Espa&#xF1;a-</subfield>
    <subfield code="v">Historia.</subfield>
    <subfield code="9">10552</subfield>
  </datafield>
  <datafield tag="650" ind1=" " ind2="7">
    <subfield code="a">Libros-</subfield>
    <subfield code="x">Comercio</subfield>
    <subfield code="2"></subfield>
    <subfield code="9">146044</subfield>
  </datafield>
  <datafield tag="852" ind1=" " ind2=" ">
    <subfield code="a">ES-MaACL</subfield>
    <subfield code="j">F-1527 </subfield>
    <subfield code="z">. - Hol. azul</subfield>
  </datafield>
  <datafield tag="999" ind1=" " ind2=" ">
    <subfield code="c">77194</subfield>
    <subfield code="d">77194</subfield>
  </datafield>
  <datafield tag="952" ind1=" " ind2=" ">
    <subfield code="0">0</subfield>
    <subfield code="1">0</subfield>
    <subfield code="2">udc</subfield>
    <subfield code="4">0</subfield>
    <subfield code="7">0</subfield>
    <subfield code="8">Biblioteca_profesional </subfield>
    <subfield code="a">ATENEOM</subfield>
    <subfield code="b">ATENEOM</subfield>
    <subfield code="c">DEPO2</subfield>
    <subfield code="d">2008-01-17</subfield>
    <subfield code="l">0</subfield>
    <subfield code="o">F-1527</subfield>
    <subfield code="p">1080767</subfield>
    <subfield code="r">2023-02-23 00:00:00</subfield>
    <subfield code="w">2023-02-23</subfield>
    <subfield code="y">MONANT</subfield>
  </datafield>
</record>
